=LDR 00000nam 2200000 4500 =001 INLIS000000000031541 =005 20221006074011 =035 ##$$a 0010-061300000031541 =008 221006################g##########0#ind## =041 ##$$a ind =082 ##$$a 2x4.12 =090 ##$$a 2x4.12, Hal, a =100 ##$$a HALIM, Abdul Manam =245 1#$$a Arti "Gerakan" dalam Shalat /$c Abdul Maman Halim editor, Rangga =260 ##$$a Mh Publishing :$b Tebet,$c 2008 =300 ##$$a x, 37 hlm., : $b ilus ; $c 25 x 15 =650 #4$$a SHALAT - ISLAM =700 #$$a Rangga =850 ##$$a NBPNMAT =020 ##$$a 978-979-25-5716-9 =084 ##$$a 2x4.12 HAL a =504 ##$$a Bibliografi :hlm.38 =990 ##$$a 20904448